000 00666nam a2200217 i 4500
001 13931
003 ES-MaACL
005 20230906150708.0
007 t|
008 980204s1996 sp ||||0| spa j
020 _a84-605-5860-6
040 _aM-BN
_bspa
_cM-BN
080 _a821.134.2-22"19"
100 1 _aRuiz Castillo, Manuel.
_9100702
245 1 0 _aEutanasio /
_cManuel Ruiz Castillo.
260 _a[Cadiz?] :
_bFundación Pedro Muñoz Seca :
_bHogarSur,
_c1996.
300 _a200 p ;
_c25 cm.
500 _aI Premio Nacional "Hogar Sur" de Teatro de Comedias.
710 2 _aFundación Pedro Muñoz Seca.
_94388
852 _aES-MaACL
_jL-21185
_bR.125903
999 _c13931
_d13931